| 000 | 00749nam a2200205 a 4500 | ||
|---|---|---|---|
| 001 | 000034490 | ||
| 005 | 20260305073959.0 | ||
| 008 | 111005s1989 dr 000 0 spa d | ||
| 040 |
_aDO-SdBNP _bspa _cBNPHU |
||
| 082 |
_aR 703 _bG377e |
||
| 100 | 1 |
_aGerón, Candido, _d1948- _93577 |
|
| 245 | 1 | 0 |
_aEnciclopedia de las artes plásticas dominicanas : _b1844-1988) / _cCándido Gerón. |
| 260 |
_aSanto Domingo : _bTele-3, _c[1989?]. |
||
| 300 |
_a331 p. : _bil., retrs. ; _c29 cm. |
||
| 504 | _aBibliografía: p. 333-334 | ||
| 650 | 4 |
_aArte _xEnciclopedias y diccionarios _943778 |
|
| 650 | 4 |
_aPinturas dominicanas _xEnciclopedias y diccionarios _943779 |
|
| 650 | 4 |
_aArtistas dominicanos _xBiografías _933342 |
|
| 910 | _aValidado. Control de calidad MFF | ||
| 999 |
_c33981 _d33981 |
||